| 000 | 00568nam 22001933 4500 | ||
|---|---|---|---|
| 001 | 201731 | ||
| 090 | _a201731 | ||
| 100 | _a20260410d u||y0pory50 ba | ||
| 200 |
_aSebastiam _fLuís Alves da Costa |
||
| 210 |
_aLisboa _cVega _d1985 |
||
| 215 |
_a43 p. _cbrochado _d20 cm |
||
| 225 | _aO Chão da palavra / prosa | ||
| 300 | _aContém dedicatória na folha de guarda | ||
| 606 |
_923 _aLiteratura Portuguesa _xPoesia |
||
| 675 |
_a821.134.3-1 _vPT _zpor |
||
| 700 |
_917093 _aCosta _bLuís Alves da |
||
| 801 |
_aPT _bBMMN _gRPC |
||
| 830 |
_cAna Falardo _fAna Falardo |
||
| 990 | _cLIVROS | ||